000 00308nam a22001337a 4500
008 181107b xxu||||| |||| 00| 0 eng d
020 _a9780534080884
041 _aeng
080 _23 th
_a610
100 _a2
101 _aSHM
245 _aBasic Issues In Medical Ethics
_cMunson.R
942 _2udc
_cBK
999 _c52191
_d52191